Los cristianos y la crisis Nicaragüense

Bewaard in:
Bibliografische gegevens
Formaat: Texto
Onderwerpen:
Tags: Voeg label toe
Geen labels, Wees de eerste die dit record labelt!

MARC

LEADER 00000 a a2200000 04500
001 17879
003
040
245 |a Los cristianos y la crisis Nicaragüense  
650 |a CRISTIANOS  
650 |a DICTADURA  
650 |a SOCIEDAD  
650 |a POLITICA  
650 |a NICARAGUA  
773 |g volumen 3, número 38; páginas 326  
999 |c 34903  |d 34903 
773 0 |0 42391  |9 3780  |a Agencia Latinoamericana de Información, ALAI  |d Quito, Ecuador: ALAI  |o 03889  |t ALAI:  |x 08275564 (Servicio mensual de información y documentación)